Statistics for Nickelodeon Shows by Main Character

Click here to take the quiz!

General Stats

  • This quiz has been taken 282 times
  • The average score is 8 of 12

Answer Stats

Answer% Correct
SpongeBob SquarePants
98%
iCarly
97%
Teenage Mutant Ninja Turtles
87%
Victorious
79%
The Fairly OddParents
76%
Drake & Josh
74%
The Adventures of Jimmy Neutron, Boy Genius
70%
Zoey 101
62%
Rugrats
58%
Hey Arnold!
45%
Ned's Declassified School Survival Guide
23%
The Wild Thornberrys
18%

Score Distribution

Percentile by Number Answered

Percent of People with Each Score

Your Score History

You have not taken this quiz